Strata identity Textilný priemysel na Slovensku v rokoch 1945 až 1948

Bibliographic Details
Main Author: (er) (Author)
Format: Article
Language:Slovak
PhysicalDescription:Fotogr. 1, obr. 1
Subjects:

MARC

LEADER 00000nab a2200000 a 4500
001 vtls000478915
003 SK-MaSNL
005 20260303204612.0
008 120927c1992 xo 0 slo
015 |a SNBRB19rr/mm-uuuuu 
035 |a CL0479050 
040 |a SNKBUCL  |b slo  |c SNKBUCL  |e AACR2 
041 0 |a slo 
044 |a xo  |c SK 
080 |a 677(091)(437.6)  |2 1981 
100 1 |a (er)  |4 aut  |9 401972 
245 1 0 |a Strata identity  |b Textilný priemysel na Slovensku v rokoch 1945 až 1948  |c (er) 
300 |b Fotogr. 1, obr. 1 
650 0 7 |a textilný priemysel  |2 snkbucl  |9 51332 
655 7 |a články z novín a časopisov  |2 snkbucl  |9 267496 
773 0 |t Technické noviny  |g Roč. 40, č. 50 (1992), s. 15 
850 |a Slovenská národná knižnica v Martine  |a MTA001 
852 |a SNK  |b KIS3GCP 
958 |a RK 
992 |a RBX 
999 |c 2190760  |d 2192690